000 00812nam a2200265Ia 4500
003 OSt
005 20221006153656.0
006 a|||||r|||| 00| 0
007 ta
008 221006b |||||||| |||| 00| 0 eng d
020 _a9780691019291
024 _a33,021
037 _bgift, Japan Foundation
_cAnnuals, Advances
040 _aEASL
_cEASL
_beng
041 _2eng
_aeng
082 _aO42,1:g(Y:345), 111M9
100 _aEBERSOLE Gary L. Au.
_9664903
245 0 _aRitual Poetry and the politics of death in early Japan
260 _aPrinceton
_bPrinceton University press
_c1989
300 _a338p.
_ccm.
490 _v JEL
650 _aJEL
942 _hO42,1:g(Y:345), 111M9
_cREF
_2CC
999 _c1101107
_d1101107